00438nam a22001457a 4500020002200000082001500022100001500037245007600052260002300128300000800151650001400159942000700173952009500180999001700275 a978-81-8465-463-9 a270.82 DIP aDip, Kasta aUnwavering ecumenist: A Gedenkschrift in memory of Dr. Mathai Zachariah aDelhibISPCKc2014 a122 aEcumenism cBK 00104070aHMIbHMIcGENd2017-06-07l0o270.82 DIPp11003495r2026-01-16w2026-01-16yBK c20455d20455